LEADER 01445nam a2200313 i 4500 001 000000052046 003 CaOOAMICUS 005 20050330000000.0 008 050330s1997 it u000 u ita u 013 $a23218 020 $a8876106081 040 $aSeMil$bita 100 1 $aGiudici, Giovanni,$c.$0(OLS)http://semarc/name/17427 245 13$aLa collaborazione tra preti :$bal servizio della "tradizione vivente della Chiesa" /$cG. Giudici ; F. Gallivanone ; M. Bove. 260 $aMilano :$bÀncora,$ccopyr. 1997. 300 $a69 p. ;$c19 cm. 490 0 $aAspetti di vita ;$v12 500 $aDono di mons. Antonio Rimoldi. 650 4$aPresbiteri.$0(OLS)http://semarc/subject/2612 650 4$aPresbiteri - Ministero - Collaborazione.$0(OLS)http://semarc/subject/10727 700 1 $aGallivanone, Franco <1956->.$0(OLS)http://semarc/name/7412 700 1 $aBove, Marco,$c.$0(OLS)http://semarc/name/25695 830 0$aAspetti di vita ;$v12.$0(OLS)http://semarc/title/6712 850 $aSeMil 852 $aSeMil$W1$xVenegono$y1$m3G II 183$j18201$B18201$CSeMilBibl$Z2$F18202 $81 961 $aOmaggio: Rimoldi mons. Antonio 996 $6020$a8876106081$9(OLS)http://semarc/number/26360 996 $6245$aLa collaborazione tra preti :$bal servizio della "tradizione vivente della Chiesa"$9(OLS)http://semarc/title/79794 996 $6260$aMilano :$bÀncora$9(OLS)http://semarc/publisher/29763 LEADER 01144nam a2200277 i 4500 001 000000123457 003 CaOOAMICUS 005 20190514141639.0 008 040226s2002 it u000 u ita u 013 $a96153 020 $a88-06-15936-4 040 $aSeMil$bita 100 1 $aDumoulié, Camille.$0(OLS)http://semarc/name/51253 240 13$aLe désir.$0(OLS)http://semarc/title/422736 245 13$aIl desiderio :$bstoria e analisi di un concetto /$cCamille Dumoulié. 260 $aTorino :$bGiulio Einaudi,$c2002. 300 $aXVI, 336 p. ;$c20 cm. 490 0 $aPiccola Biblioteca Einaudi ;$v194 650 4$aDesiderio.$0(OLS)http://semarc/subject/14837 830 0$aPiccola biblioteca Einaudi ;$v194.$0(OLS)http://semarc/title/11221 850 $aSeMil 852 $aSeMil$W1$xVenegono$y1$m2P II 929$j212720$B78180$CSeMilBibl$Z2$F80400 $81 996 $6020$a88-06-15936-4$9(OLS)http://semarc/number/109068 996 $6245$aIl desiderio :$bstoria e analisi di un concetto$9(OLS)http://semarc/title/181573 996 $6260$aTorino :$bGiulio Einaudi$9(OLS)http://semarc/publisher/29810